Introduction to artificial intelligence (Record no. 176115)
[ view plain ]
| 000 -LEADER | |
|---|---|
| fixed length control field | 00399nam a2200145Ia 4500 |
| 008 - FIXED-LENGTH DATA ELEMENTS--GENERAL INFORMATION | |
| fixed length control field | 231217s9999 xx 000 0 und d |
| 041 ## - LANGUAGE CODE | |
| Language code of text/sound track or separate title | English |
| 082 ## - DEWEY DECIMAL CLASSIFICATION NUMBER | |
| Classification number | 001.535 CHA;9 |
| 100 ## - MAIN ENTRY--PERSONAL NAME | |
| Personal name | Charniak, Eugene McDermott, Drew |
| 245 #0 - TITLE STATEMENT | |
| Title | Introduction to artificial intelligence |
| 260 ## - PUBLICATION, DISTRIBUTION, ETC. | |
| Date of publication, distribution, etc. | 1985 |
| Name of publisher, distributor, etc. | Pearson Education |
| Place of publication, distribution, etc. | Delhi |
| 300 ## - PHYSICAL DESCRIPTION | |
| Extent | xv+701 |
| 650 ## - SUBJECT ADDED ENTRY--TOPICAL TERM | |
| Topical term or geographic name entry element | artificial,intelligence |
| 942 ## - ADDED ENTRY ELEMENTS (KOHA) | |
| Koha item type | Books |
| Date last seen | Total checkouts | Full call number | Accession number | Cost, total (INR) price | Price effective from | Category | Lost status | Damaged status | Department | Withdrawn status | Home library | Current library | Shelving location | Entry date | Vendor | Cost, normal purchase price | Grants | Billnumber | Billdate | Currency symbol | Conversion rate | Discount | Old discount |
|---|---|---|---|---|---|---|---|---|---|---|---|---|---|---|---|---|---|---|---|---|---|---|---|
| 26/01/2024 | 001.535 CHA;9 | 37828 | 260.00 | 26/01/2024 | Books | Central Library | Central Library | Central Library | Central Library | 12/09/2005 | Book Paradise | 325.00 | CS | 26212 | 09/04/2008 | RS | 1 | 65 | 20 | ||||
| 26/01/2024 | 001.535 CHA;10 | 42017 | 262.50 | 26/01/2024 | Books | Central Library | Central Library | Central Library | Central Library | 23/06/2006 | Book Paradise | 350.00 | MCA | 32108 | 07/04/2003 | RS | 1 | 87.5 | 25 |
